书目信息 |
| 题名: |
乌合之众
|
|
| 作者: | 勒庞 著 ;亦言 译 | |
| 分册: | ||
| 出版信息: | 北京 中国友谊出版公司 2019 |
|
| 页数: | 223页 | |
| 开本: | 21cm | |
| 丛书名: | ||
| 单 册: | ||
| 中图分类: | C912.64 | |
| 科图分类: | ||
| 主题词: | 群体心理学--研究 | |
| 电子资源: | ||
| ISBN: | 978-7-5057-4568-1 | |
| 000 | 01357nam0 2200289 450 | |
| 001 | 010014357 | |
| 005 | 20190226232308.0 | |
| 010 | @a978-7-5057-4568-1@dCNY39.80 | |
| 100 | @a20190226d2019 em y0chiy0120 ea | |
| 101 | 1 | @achi@cfre |
| 102 | @aCN@b110000 | |
| 105 | @ay z 000yy | |
| 106 | @ar | |
| 200 | 1 | @a乌合之众@9wu he zhi zhong@dPsychologie des foules@f(法)古斯塔夫·勒庞(Gustave Le Bon)著@g亦言译@zfre |
| 210 | @a北京@c中国友谊出版公司@d2019 | |
| 215 | @a223页@d21cm | |
| 314 | @a古斯塔夫·勒庞 (Gustave Le Bon) (1841-1931),男,法国著名社会心理学家、社会学家,群体心理学创始人。勒庞代表作有《乌合之众》 《民族演变的心理法则》 《法国大革命和革命心理学》《战争心理学》等。 | |
| 330 | @a本书是一部讲透政治、经济、管理的心理学巨著,被誉为群体心理学的开山之作。全书深入浅出地剖析了群体的种种特点及其成因,精致地描述了集体心态,对人们理解集体行为的作用以及对社会心理学的思考发挥了巨大影响。作者在书中以预言家般的洞察力,成功描述了此后一百多年间包括两次世界大战和众多民主革命等几乎所有重大事件。 | |
| 510 | 1 | @aPsychologie des foules@zeng |
| 512 | 1 | @a乌合之众@9wu he zhi zhong@e群体心理研究 |
| 586 | @a | |
| 606 | 0 | @a群体心理学@x研究 |
| 690 | @aC912.64@v5 | |
| 701 | 0 | @c(法)@a勒庞@9le pang@c(Bon, Gustave Le@f1841-1931)@4著 |
| 702 | 0 | @a亦言@9yi yan@4译 |
| 801 | 0 | @aCN@c20190226 |
| 905 | @dC912.64@eL077-8@f2@sC912.64/L077-8@S@Z | |
| 乌合之众=Psychologie des foules/(法)古斯塔夫·勒庞(Gustave Le Bon)著/亦言译.-北京:中国友谊出版公司,2019 |
| 223页;21cm |
| ISBN 978-7-5057-4568-1:CNY39.80 |
| 本书是一部讲透政治、经济、管理的心理学巨著,被誉为群体心理学的开山之作。全书深入浅出地剖析了群体的种种特点及其成因,精致地描述了集体心态,对人们理解集体行为的作用以及对社会心理学的思考发挥了巨大影响。作者在书中以预言家般的洞察力,成功描述了此后一百多年间包括两次世界大战和众多民主革命等几乎所有重大事件。 |
| ● |
| 相关链接 |
|
|
|
正题名:乌合之众
索取号:C912.64/L077-8
 
预约/预借
| 序号 | 登录号 | 条形码 | 馆藏地/架位号 | 状态 | 备注 |
| 1 | 21618783 | 216187837 | 社科库509/509社科库 59排9列2层/ [索取号:C912.64/L077-8] | 在馆 | |
| 2 | 21618784 | 216187846 | 社科库509/509社科库 59排9列2层/ [索取号:C912.64/L077-8] | 在馆 |